000 00970nam a22002657a 4500
005 2009090301511.0
008 090903t xxu||||| |||| 00| 0 eng d
010 _aB-356958
020 _a9788178127580
_c60.00
035 _aB-356958
037 _bDBAD / PUB
040 _adpl
_bEnglish
082 _a230.31
245 _aLord Krishna /
_cedited by Anjani Gupta
260 _aNew Delhi
_bLittle Scholarz
_c2009
270 _a12-H, New Daryaganj Road, Opp. Traffic Kotwali,
_bNew Delhi
_e110002
300 _a24p.
_bcol. ill.
_c24cm(pbk)
490 _aIndian mythology series
650 _aKrishna (Hindu deity)
650 _aArjuna (Hindu mythology)
650 _aJuvenile Literature
700 _aGupta, Anjani
942 _2ddc
_cEN
_h230.31
_mLOR
999 _c29961
_d29961